Quizzes
Events
Quiz Creation
Community
Videos
Private Events
Remove Ads
Sign In
Join for FREE
Feedback
Dark Mode
Quiz Categories
Sports
Geography
Music
Movies
Television
Just For Fun
Miscellaneous
History
Literature
Language
Science
Gaming
Entertainment
Religion
Holiday
For Kids
Quiz Lab
Recent
Popular Today
Quiz Kudos Today
Editor Picks
Curator Picks
Quizzes by...
Day
Popularity
Type
Ratings
Length
Year
Community
Subscriptions
Recent Discussions
Orange Saloon
Badges
Playlists
Quests
Create
Leaderboards
Showdown
Live 5
Trivia Bingo
Activity
Puzzle Library
Sporcle Events
Private Events
Virtual Trivia
Globe League
Become a Host
Pub Owners
SporcleCon
Opinionation
Our Games
Videos
Blog
Mobile Apps
Partnerships
Remove Ads and Go Orange
Feedback
Sports
Athletes
MLB
NBA
NHL
NFL
Soccer
Sports Teams
WWE
NCAA
Football
Premier League
Basketball
Baseball
Hockey
Golf
Tennis
Cricket
Rugby
Auto Racing
Olympics
World Cup
Sports
Athletes
MLB
NBA
NHL
NFL
Soccer
Sports Teams
WWE
NCAA
Football
Premier League
Basketball
Baseball
Hockey
Golf
Tennis
Cricket
Rugby
Auto Racing
Olympics
World Cup
Random Quiz
Search Sporcle
×
Quiz Lab
Quiz Lab
Sports
Winning
Type in answers that appear in a list
Type in answers that appear in a list
Classic
Best Score? Go Orange.
Top Winning Pitchers Ages 35 and Older Stats
Can you name the Top Winning Pitchers Ages 35 and Older
By
uniballer
15m
148 Questions
57 Plays
57 Plays
57 Plays
Comments
Comments
Give Quiz Kudos
Give Quiz Kudos
-
- Ratings
hide this ad
More Info
Replay
Link that replays current quiz
Next Quiz
Link to next quiz in quiz playlist
You Got
0%
They Got
Avg Score
68%
Avg Friend Score
Upgrade to see
Score Distribution
Jump to the score distribution portion of the page
Score
0/148
Timer
15:00
0
Plays Today
Year
Answer
% Correct
2000
Randy Johnson
100%
2000
Roger Clemens
100%
2001
Randy Johnson
100%
2001
Roger Clemens
100%
2002
Randy Johnson
100%
2002
Roger Clemens
100%
2003
Roger Clemens
100%
2004
Roger Clemens
100%
2004
Randy Johnson
100%
2005
Randy Johnson
100%
2005
Roger Clemens
100%
2006
Randy Johnson
100%
2008
Randy Johnson
100%
2009
Randy Johnson
100%
2001
Curt Schilling
98.2%
2001
Greg Maddux
98.2%
2001
Tom Glavine
98.2%
2002
Curt Schilling
98.2%
2002
Tom Glavine
98.2%
2002
Greg Maddux
98.2%
2003
Greg Maddux
98.2%
2004
Curt Schilling
98.2%
2004
Greg Maddux
98.2%
2004
Tom Glavine
98.2%
2005
Greg Maddux
98.2%
2005
Tom Glavine
98.2%
2006
Greg Maddux
98.2%
2006
Tom Glavine
98.2%
2006
Curt Schilling
98.2%
2007
Greg Maddux
98.2%
2007
Tom Glavine
98.2%
2008
Greg Maddux
98.2%
2000
Jamie Moyer
94.7%
2001
Jamie Moyer
94.7%
2002
Jamie Moyer
94.7%
2003
Jamie Moyer
94.7%
2005
Jamie Moyer
94.7%
2007
Jamie Moyer
94.7%
2008
Jamie Moyer
94.7%
2009
Jamie Moyer
94.7%
2012
Roy Halladay
93%
2013
Cliff Lee
93%
2010
Chris Carpenter
91.2%
2011
Chris Carpenter
91.2%
2013
Bartolo Colon
87.7%
2003
Mike Mussina
86%
2004
Mike Mussina
86%
2005
Mike Mussina
86%
2006
Mike Mussina
86%
2007
Andy Pettitte
86%
Year
Answer
% Correct
2007
Mike Mussina
86%
2008
Mike Mussina
86%
2008
Andy Pettitte
86%
2009
Andy Pettitte
86%
2010
Tim Hudson
86%
2010
Andy Pettitte
86%
2011
Tim Hudson
86%
2012
Tim Hudson
86%
2013
Andy Pettitte
86%
2005
John Smoltz
84.2%
2006
John Smoltz
84.2%
2007
John Smoltz
84.2%
2000
David Wells
82.5%
2002
David Wells
82.5%
2003
David Wells
82.5%
2004
David Wells
82.5%
2004
Tim Wakefield
82.5%
2005
Tim Wakefield
82.5%
2005
David Wells
82.5%
2007
Tim Wakefield
82.5%
2008
Tim Wakefield
82.5%
2009
Tim Wakefield
82.5%
2010
R.A. Dickey
82.5%
2010
Livan Hernandez
82.5%
2011
A.J. Burnett
82.5%
2012
R.A. Dickey
82.5%
2012
A.J. Burnett
82.5%
2013
R.A. Dickey
82.5%
2013
A.J. Burnett
82.5%
2012
Bronson Arroyo
80.7%
2013
Bronson Arroyo
80.7%
2000
Kenny Rogers
75.4%
2002
Kenny Rogers
75.4%
2003
Kenny Rogers
75.4%
2004
Kenny Rogers
75.4%
2005
Kenny Rogers
75.4%
2006
Kenny Rogers
75.4%
2008
Kenny Rogers
75.4%
2008
Derek Lowe
59.6%
2009
Derek Lowe
59.6%
2009
Kevin Millwood
59.6%
2010
Derek Lowe
59.6%
2011
Derek Lowe
59.6%
2001
Woody Williams
56.1%
2003
Woody Williams
56.1%
2004
Woody Williams
56.1%
2006
Woody Williams
56.1%
2000
Al Leiter
52.6%
2002
Al Leiter
52.6%
2003
Al Leiter
52.6%
Year
Answer
% Correct
2010
Hiroki Kuroda
52.6%
2011
Hiroki Kuroda
52.6%
2012
Hiroki Kuroda
52.6%
2012
Ryan Dempster
52.6%
2013
Hiroki Kuroda
52.6%
2004
Todd Jones
50.9%
2011
Freddy Garcia
50.9%
2000
Kevin Brown
49.1%
2003
Kevin Brown
49.1%
2010
Carl Pavano
49.1%
2011
Carl Pavano
49.1%
2003
Hideo Nomo
45.6%
2013
John Lackey
45.6%
2006
Jose Contreras
40.4%
2007
Jose Contreras
40.4%
2009
Jeff Suppan
40.4%
2010
Ted Lilly
40.4%
2011
Ted Lilly
40.4%
2012
Ryan Vogelsong
40.4%
2000
Chuck Finley
38.6%
2009
Mike Hampton
35.1%
2011
Randy Wolf
35.1%
2012
Bruce Chen
35.1%
2013
Kyle Lohse
35.1%
2013
Bruce Chen
35.1%
2013
Jason Marquis
35.1%
2011
Javier Vazquez
33.3%
2001
John Burkett
31.6%
2002
John Burkett
31.6%
2012
Jake Westbrook
31.6%
2002
Kevin Appier
28.1%
2005
Jon Lieber
28.1%
2000
Rick Reed
22.8%
2001
Rick Reed
22.8%
2002
Rick Reed
22.8%
2006
Steve Trachsel
22.8%
2007
Paul Byrd
22.8%
2008
Paul Byrd
22.8%
2009
Jarrod Washburn
17.5%
2007
Miguel Batista
8.8%
2009
Miguel Batista
8.8%
2000
Gil Heredia
5.3%
2000
Mark Gardner
5.3%
2001
Steve Sparks
3.5%
2009
Braden Looper
3.5%
2008
Brian Moehler
1.8%
2009
Brian Moehler
1.8%
2010
Hisanori Takahashi
1.8%
Quiz Playlist
Details
Report
Send in Message
Add To Playlist
More Info:
Can you name the top 10 winning pitchers ages 35 and older for the 2000-2013 seasons?
Classic:
Type in answers that appear in a list
Last Updated: Feb 16, 2017
Quiz Scoreboard
CHALLENGE
Sign Up to Join the Scoreboard
Show All
Scores
Hide
Comments
May contain spoilers
Recently Published
Presidents Visiting Landmarks
by Hejman
History
7m
An Introduction to Baseball
by treessimontrees
Sports
5m
Movies - When Are They Set?
by FPL_Elf
Movies
5m
More to Explore
Quiz From the Vault
Featured Blog Post
Where Did the Easter Bunny Come From?
hide this ad
You Might Also Like...
Tags
Age
team
Win
Winning
Today's Top Quizzes in Sports
Browse Sports
hide this ad
Today's Top Quizzes in Winning
Browse Winning
Top Contributed Quizzes in Sports
1
Les meilleurs buteurs des matchs entre le PSG et l’OM
2
2022 World Cup Stars
3
FIFA Club World Cup Champions
4
Les entraîneurs de l'OM et du PSG au 21e siècle
5
Name the Premier League winners with different clubs
6
La finale Lions - Afrique du Sud 2021
7
5-to-1: UK Sports Teams
8
England Test cricketers to play under Nasser Hussain
9
Players with Multiple 50 Home Run Seasons
10
AFC Teams Reveal (Wrong Answers Minefield)
Explore More
Trending Topics
Kpop
Marvel
NBA
Harry Potter
Disney
Crossword
Anime
Country
Song
Soccer
Puzzle
WWE
Pokémon
NFL
The Office
hide this ad
More By:
uniballer
Quiz
Plays
Rating
Category
Featured
Created
Top 5 Cy Young Voting (1990-2011)
359
4.50
Sports
Feb 6, 2012
Top 5 Heisman Finalists 1990-2013
296
4.33
Sports
Feb 10, 2014
NASCAR Top 25 in 2000
242
1.00
Sports
Apr 19, 2011
NFL Drafted Tight Ends (2000-2011)
226
4.50
Sports
Jan 20, 2012
2014 NASCAR Teams and Drivers
210
Sports
Feb 10, 2014
Go to Creator's Profile
Score Distribution
Quiz Creator Spotlight
uniballer
Follow
Send a Message
Quizzes Created
-
Created Quiz Play Count
-
More By This Creator
Popular Quizzes Today
1
Find the US States - No Outlines Minefield
2
Find the Countries of Europe - No Outlines Minefield
3
The Countries of the World
4
Find the US States
5
Popular People in 1961
6
US States
7
Risky Map Clicking: Biggest States A-Z
8
Movies - When Are They Set?
More Sports Quizzes
UEFA Cup Winner's Cup
Published
Trending Quizzes
Risky Map Clicking: Least Populous States A-Z
1-10 Letter G Words
1-10 Letter F Words
Risky Map Clicking: Next State Alphabetically
Risky Map Clicking: Biggest States A-Z
Recently Updated
Leaping Animals
pecheneg
Reality TV Shows (A-Z)
bhenderson79
Rickey Henderson's Hall of Fame Teammates
pecheneg
Champions League XIs: Arsenal
pecheneg
Quick Pick: Celebrities in WWE's Hall of Fame
aduchscher
A-Z Keypad Blitz II
pecheneg
Multiple Oscar Actors
pecheneg
Mystery Phrase Blitz: Oscar 'Best Actors'
pecheneg
F. Scott Fitzgerald Novels
LTH
Pick 3 Villains
ddd62291
Trending Topics
Marvel
NBA
Crossword
Anime
Disney
Harry Potter
Kpop
NFL
The Office
WWE
Song
Pokémon
Puzzle
Country
Soccer
Your Account Isn't Verified!
In order to create a playlist on Sporcle, you need to verify the email address you used during registration. Go to your
Sporcle Settings
to finish the process.
Report this User
Report this user for behavior that violates our
Community Guidelines
.
Details:
Send Report
Go to the Sporcle.com Mobile Site →
Comments